| 000 | 01609cam a2200337 4500500 | ||
|---|---|---|---|
| 005 | 20260329005709.0 | ||
| 041 | _afre | ||
| 042 | _adc | ||
| 100 | 1 | 0 |
_aRouxeville, Yves _eauthor |
| 700 | 1 | 0 |
_aNguyen, Thuy Huyen _eauthor |
| 700 | 1 | 0 |
_aEgreteau, Joëlle _eauthor |
| 700 | 1 | 0 |
_aChristian, Sire _eauthor |
| 245 | 0 | 0 | _aUne étude pilote : soins de support par auriculothérapie en oncologie |
| 260 | _c2019. | ||
| 500 | _a58 | ||
| 520 | _aEn complément d’un traitement par chimiothérapie anticancéreuse, une petite série de malades a reçu des soins par auriculothérapie. Les points ont été détectés par la douleur ressentie à la pression digitale ; le traitement a consisté en la pose d’aiguilles.Dans un nombre de cas, l’anxiété et les troubles du sommeil ont été rapidement améliorés. Dans quelques cas, un effet bénéfique a été ressenti sur la douleur générale. En termes de qualité de vie, l’auriculothérapie semble apporter un bénéfice à certains malades. | ||
| 690 | _aAnti-cancer chemotherapy | ||
| 690 | _aAnxiété | ||
| 690 | _aAnxiety | ||
| 690 | _aAuriculothérapie | ||
| 690 | _aAuriculotherapy | ||
| 690 | _aChimiothérapie anticancéreuse | ||
| 690 | _aPainful interdigital pressure | ||
| 690 | _aPression interdigitale douloureuse | ||
| 690 | _aSleep disturbances | ||
| 690 | _aSoins de support | ||
| 690 | _aSupportive care | ||
| 690 | _aTroubles du sommeil | ||
| 786 | 0 | _nHegel | 3 | 3 | 2019-07-01 | p. 218-226 | 2269-0530 | |
| 856 | 4 | 1 | _uhttps://stm.cairn.info/revue-hegel-2019-3-page-218?lang=fr&redirect-ssocas=7080 |
| 999 |
_c1845695 _d1845695 |
||